| 000 | 00571nam a22001937a 4500 | ||
|---|---|---|---|
| 999 |
_c7972 _d7972 |
||
| 003 | AR-CdUCM | ||
| 008 | 190321b ||||| |||| 00| 0 spa d | ||
| 040 |
_aMUNICIPALIDAD PROVINCIAL DEL CUSCO _cBIBLIOTECA MUNICIPAL DEL CUSCO |
||
| 082 |
_a784.785 / _bP77 |
||
| 100 |
_aPons Muzzo, Gustavo _922526 |
||
| 245 | _aLa ley Nº 1801 y la letra autentica del Himno Nacional / | ||
| 260 |
_aLima : _bSan Miguel, _c1983. |
||
| 300 | _a127 páginas ; | ||
| 650 |
_aHimno Nacional _922527 |
||
| 650 |
_aPerú _935 |
||
| 650 |
_aArte _9561 |
||
| 942 |
_2ddc _cLIBROS |
||
| 945 | _araen | ||